Galatasaray Top Scorers - Statistics

General Stats
  • This quiz has been taken 79 times
  • The average score is 9 of 25
Answer Stats
Answer % Correct
Hakan Şükür
94%
Gheorghe Hagi
66%
Mauro Icardi
65%
Victor Osimhen
62%
Tanju Çolak
60%
Bafétimbi Gomis
55%
Arif Erdem
51%
Milan Baros
51%
Burak Yılmaz
49%
Wesley Sneijder
49%
Metin Oktay
46%
Ümit Karan
46%
Necati Ateş
31%
Selçuk İnan
29%
Umut Bulut
23%
Xhevat Prekazi
23%
Arda Turan
20%
Kerem Aktürkoğlu
17%
Uğur Tütüneker
14%
Gökmen Özdenak
11%
Okan Buruk
11%
Saffet Sancaklı
11%
Suat Kaya
9%
Tugay Kerimoğlu
9%
Erdal Keser
6%
No matching quizzes found
Score Distribution
Percent of People with Each Score
Percentile by Number Answered
Your Score History
You have not taken this quiz